Modernidades: narrativas, mitos e imaginarios
Tallennettuna:
| Päätekijät: | , |
|---|---|
| Aineistotyyppi: | Kirja |
| Kieli: | espanja |
| Julkaistu: |
Ciudad de México
Anthropos
2007
|
| Painos: | 1a. ed |
| Sarja: | Autores, Textos y Temas Ciencias Sociales, 60
|
| Aiheet: | |
| Tagit: |
Lisää tagi
Ei tageja, Lisää ensimmäinen tagi!
|
MARC
| LEADER | 00000nam a2200000 a 4500 | ||
|---|---|---|---|
| 001 | UCI7624 | ||
| 003 | CL-VaPUC | ||
| 008 | 080718e20070000MX |||||||||||||||||spa|d | ||
| 020 | |a 9788476588499 | ||
| 082 | 0 | 4 | |a 306 |b GIR |2 21 |
| 100 | 0 | |a Girola, Lidia |e author |9 530906 | |
| 700 | 0 | |a Olvera, Margarita |e author |9 530907 | |
| 245 | 1 | 0 | |a Modernidades: narrativas, mitos e imaginarios |
| 250 | |a 1a. ed | ||
| 300 | |a 235 p | ||
| 942 | |c BK | ||
| 945 | |d 20080718 00:00:00 |a rbrito | ||
| 260 | |a Ciudad de México |b Anthropos |c 2007 | ||
| 650 | 0 | |a Modernidad |9 265371 | |
| 650 | 0 | |a Sociología |9 255410 | |
| 650 | 7 | |a MODERNIZACION |2 CL-VaPUC |9 335311 | |
| 650 | 0 | |a Comportamiento social |9 334200 | |
| 583 | |a last modification |c 20080718 00:00:00 |k Rodrigo Vera | ||
| 490 | 0 | |a Autores, Textos y Temas Ciencias Sociales, 60 | |
| 999 | |c 330841 |d 330839 | ||
| 952 | |0 0 |1 0 |4 0 |6 306_000000000000000_GIR_2007 |7 0 |8 A |9 416726 |a BIBGIM |b BIBGIM |d 2019-11-22 |i 4458257 |o 306 GIR 2007 |p 4458257 |r 2025-01-15 |w 2019-11-22 |y BK |k SSL | ||